000 02163nam a2200241 4500
005 20250618204447.0
008 190415s2025 000 0 eng d
040 _aCO-CtgCURN
_bspa
_ccoctgcurn
082 0 _aINQ 2025
_bH557
100 1 _aHernandez Marquez, Daniela Alejandra.
245 1 0 _aEvaluación de una guía para el manejo y cuidado de la herida quirúrgica, para la prevención de infecciones postoperatorias en pacientes sometidos a cirugía plástica en una ips de la ciudad de cartagena-colombia 2024. /
_cDaniela Alejandra Hernandez Marquez; Nicole Valentina Olaya Arce; Asesores: Hernando Cifuentes Bueres; Jaime Alberto Lorduy Gomez.
260 _aCartagena de Indias :
_bCorporación Universitaria Rafael Nuñez,
_c2025.
300 _a66 hojas.
504 _aTrabajo de grado (Instrumentación quirúrgica). Corporación Universitaria Rafael Nuñez. Facultad de Ciencias de la Salud. Instrumentación Quirúrgica, 2025.
520 _a"La cirugía plástica, tanto reconstructiva como estética, han experimentado un crecimiento exponencial a nivel global (15.8 millones de procedimientos quirúrgicos en 2023). Sin embargo, la proliferación de clínicas clandestinas, con estándares insuficientes, ha incrementado complicaciones como infecciones del sitio quirúrgico (ISQ), que afectan al 1-20% de los pacientes y generan costos adicionales de más de 10 mil millones de dólares anuales. También existen factores que incrementan la vulnerabilidad de los pacientes a desarrollar ISQ, como el estado nutricional, la presencia de comorbilidades, el uso de dispositivos invasivos y la duración prolongada de la cirugía"
650 0 _aInstrumentación quirúrgica
_vTesis y disertaciones academicas.
700 1 _aOlaya Arce, Nicole Valentina.
700 1 _aCifuentes Bueres, Hernando,
_eAsesor.
700 1 _aLorduy Gómez, Jaime Alberto,
_eAsesor.
856 _uhttps://unicurn.sharepoint.com/:b:/s/biblioteca/EV9B5lgCbGZPmJC890gtunwBWZ2kLSY7TppdP59CXLxNmQ?e=iSoIdu
_zClick aqui para ver el recurso en texto completo
942 _2ddc
_cTG
_hINQ 2025
_iH557
999 _c49021
_d49021